Suomen presidentit - kuvavisa - Statistics

Yleistilastot
  • Tätä visaa on pelattu 147 kertaa
  • Keskiarvotulos 11 / 12
Vastaustilastot
Kuvavisa Hint Vastaus % Oikein
1956-1981 Urho Kaleva Kekkonen
100%
2012- Sauli Väinämö Niinistö
99%
2000-2012 Tarja Kaarina Halonen
98%
1994-2000 Martti Oiva Kalevi Ahtisaari
97%
1944-1946 Carl Gustaf Emil Mannerheim
96%
1982-1994 Mauno Henrik Koivisto
93%
1940-1944 Risto Heikki Ryti
93%
1946-1956 Juho Kusti Paasikivi
92%
1919-1925 Kaarlo Juho Ståhlberg
92%
1937-1940 Kyösti Kallio
89%
1931-1937 Pehr Evind Svinhufvud
86%
1925-1931 Lauri Kristian Relander
85%
Ehtoja vastaavia visoja ei löytynyt
Tulosjakauma
Jokaisen tuloksen saaneiden osuus
Persentiili vastausten määrän mukaan
Tuloshistoriasi
Et ole pelannut tätä visaa